Statistics for Top 15 Biggest Cities In The USA 2020

Click here to take the quiz!

General Stats

  • This quiz has been taken 74 times
  • The average score is 11 of 15

Answer Stats

#City% Correct
2Los Angeles
98%
1New York City
98%
4Houston
95%
3Chicago
94%
9Dallas
94%
8San Diego
82%
6Philadelphia
80%
5Phoenix
76%
11Austin
68%
7San Antonio
67%
10San Jose
64%
13Jacksonville
58%
12Fort Worth
42%
15Charlotte
39%
14Columbus
36%

Score Distribution

Percentile by Number Answered

Percent of People with Each Score

Your Score History

You have not taken this quiz